[Event "Tourn. n8915"]
[Site "www.chess-mail.com"]
[Date "2016.09.26"]
[Round "1"]
[White "Redabond"]
[Black "Passaroa25"]
[WhiteElo "1680"]
[BlackElo "1570"]
[Result "1-0"]
[Round "1"]
1.d4 c6
2.Bc1f4 d6
3.Nb1c3 Bc8e6
4.Ng1f3 f6
5.e3 Be6f7
6.Bf1d3 e6
7.O-O Ng8e7
8.Rf1e1 Ne7g6
9.Bf4g3 Bf8e7
10.e4 O-O
11.e5 Qd8c7
12.exf6 gxf6
13.Bd3xg6 hxg6
14.Qd1d2 Nb8d7
15.Qd2h6 g5
16.d5 Nd7e5
17.Nf3xe5 dxe5
18.dxe6 Bf7xe6
19.Qh6g6 Kh8
20.Bg3xe5 fxe5
21.Qg6xe6 Rf8f6
22.Qe6xe5 Qc7xe5
23.Re1xe5 Rf6f7
24.Ra1e1 Be7f6
25.Re5e8 Ra8xe8
26.Re1xe8 Kg7
27.h3 b5
28.Re8e6 a5
29.Re6xc6 b4
30.Nc3e4 Bf6xb2
31.Ne4xg5 Rf7f6
32.Rc6xf6 Bb2xf6
33.Ng5e4 Bf6d4
34.g4 a4
35.Ne4d2 Kg6
36.Kg2 Kg5
37.Nd2f3 Kf4
38.Nf3xd4 Ke4
39.Nd4c6 b3
40.cxb3 axb3
41.axb3 Kf4
42.b4 { resign }
1-0

[Event "Tourn. n8827"]
[Site "www.chess-mail.com"]
[Date "2016.09.26"]
[Round "1"]
[White "Wwgia"]
[Black "Tevere"]
[WhiteElo "2010"]
[BlackElo "1940"]
[Result "0-1"]
[Round "1"]
1.d4 Ng8f6
2.c4 d6
3.Nb1c3 g6
4.e4 Bf8g7
5.Ng1f3 O-O
6.Bf1e2 e5
7.O-O Nb8d7
8.Rf1e1 c6
9.Be2f1 Rf8e8
10.d5 c5
11.a3 Nd7b6
12.b4 Bc8d7
13.Ra1b1 Qd8c7
14.bxc5 Qc7xc5
15.Bc1e3 Qc5xa3
16.Rb1b3 Qa3a5
17.Qd1b1 Bd7g4
18.Nf3d2 Bg4d7
19.Qb1b2 Nb6a4
20.Nc3xa4 Bd7xa4
21.Rb3xb7 Nf6xe4
22.Re1a1 Ne4c3
23.c5 e4
24.Nd2c4 Qa5d8
25.Nc4xd6 Nc3b5
26.Qb2xg7 Kxg7
27.Nd6xf7 Qd8xd5
28.Nf7d6 Qd5xb7
29.Nd6xb7 Re8b8
30.c6 Nb5c3
31.Be3d4 Kh6
32.Bd4xc3 Ba4xc6
33.Nb7c5 Bc6d5
34.Nc5d7 Rb8c8
35.Bc3e5 g5
36.Nd7f6 Bd5b7
37.Ra1b1 Bb7c6
38.Bf1c4 Kg6
39.g4 { time. }
0-1

[Event "Match"]
[Site "www.echecsemail.com"]
[Date "2016.09.26"]
[Round "1"]
[White "Libiesse"]
[Black "Azorau"]
[WhiteElo "1980"]
[BlackElo "2020"]
[Result "1-0"]
[Round "1"]
1.d4 g6
2.c3 d5
3.Ng1f3 Ng8f6
4.Bc1g5 Nf6e4
5.Bg5f4 Bf8g7
6.Qd1b3 O-O
7.Nb1d2 Ne4xd2
8.Nf3xd2 b6
9.e4 Nb8c6
10.f3 Bc8e6
11.e5 Nc6a5
12.Qb3d1 c5
13.Nd2b3 Na5c6
14.Bf1b5 Nc6b8
15.dxc5 f6
16.exf6 Rf8xf6
17.Bf4e5 Rf6f5
18.Be5xg7 Kxg7
19.Nb3d4 Rf5e5
20.Kf2 Be6d7
21.c6 Bd7c8
22.Rh1e1 Re5h5
23.Re1e6 Kh8
24.Ra1c1 Bc8xe6
25.Nd4xe6 Qd8d6
26.Qd1d4 Qd6e5
27.c7 Qe5xd4
28.cxd4 Nb8d7
29.c8Q { resign }
1-0

[Event "Match"]
[Site "www.echecsemail.com"]
[Date "2016.09.26"]
[Round "1"]
[White "Maciekkam"]
[Black "Add"]
[WhiteElo "1779"]
[BlackElo "2070"]
[Result "1/2-1/2"]
[Round "1"]
1.d4 d5
2.c4 b6
3.cxd5 Qd8xd5
4.Nb1c3 Qd5d8
5.e4 e6
6.Ng1f3 Bc8b7
7.Nf3e5 Ng8f6
8.Qd1a4 Nb8d7
9.Bf1b5 a6
10.Bb5c6 b5
11.Qa4a5 Qd8c8
12.Bc1g5 Bb7xc6
13.Ne5xc6 Qc8b7
14.d5 h6
15.Bg5f4 Bf8d6
16.Bf4xd6 cxd6
17.Ra1c1 O-O
18.O-O exd5
19.Nc3xd5 Nf6xd5
20.exd5 Nd7c5
21.Rf1e1 Rf8e8
22.Qa5d2 Qb7d7
23.Re1xe8 Ra8xe8
24.Rc1e1 Re8xe1
25.Qd2xe1 Kf8
26.f3 Nc5d3
27.Qe1e2 Nd3f4
28.Qe2e4 Nf4g6
29.Qe4c2 Qd7e8
30.Qc2e4 Qe8d7
31.Qe4c2 Kg8
32.Qc2e4 a5
{ draw }
1/2-1/2

[Event "Match"]
[Site "www.echecsemail.com"]
[Date "2016.09.26"]
[Round "1"]
[White "Whitekknight"]
[Black "Coraza"]
[WhiteElo "1960"]
[BlackElo "1790"]
[Result "1/2-1/2"]
[Round "1"]
1.e4 e5
2.Ng1f3 Nb8c6
3.Bf1c4 h6
4.Nb1c3 Ng8f6
5.O-O a6
6.a4 Bf8b4
7.d3 Bb4xc3
8.bxc3 O-O
9.Bc1a3 d6
10.h3 Nc6e7
11.Rf1e1 Bc8e6
12.Bc4b3 d5
13.Nf3xe5 c6
14.a5 d4
15.Ba3xe7 Qd8xe7
16.Bb3xe6 Qe7xe6
17.cxd4 Ra8d8
18.c3 c5
19.Ne5f3 Nf6d7
20.d5 Qe6f6
21.Qd1d2 Rf8e8
22.Ra1b1 Rd8b8
23.Rb1b2 b5
24.axb6 Nd7xb6
25.e5 Qf6d8
26.c4 Nb6a4
27.Rb2a2 Qd8d7
28.Re1a1 Rb8b4
29.Qd2c2 Na4b6
30.Ra1b1 Re8a8
31.Rb1xb4 cxb4
32.Qc2b3 a5
33.Nf3d4 g5
34.g4 Qd7e7
35.Nd4c6 Qe7c5
36.Qb3c2 Nb6d7
37.d4 Qc5f8
38.Nc6xa5 Qf8d8
39.Qc2a4 b3
40.Qa4xb3 Ra8xa5
41.Ra2xa5 Qd8xa5
42.Kg2 Kg7
43.Kg3 Qa5d2
44.Qb3b7 Qd2f4
45.Kg2 Qf4e4
46.Kg1 Qe4e1
47.Kg2 Qe1e4
48.Kg1 Qe4e1
49.Kg2 { draw }
1/2-1/2

[Event "Match"]
[Site "www.echecsemail.com"]
[Date "2016.09.26"]
[Round "1"]
[White "Robinjut"]
[Black "Tomcapp"]
[WhiteElo "1540"]
[BlackElo "1530"]
[Result "1-0"]
[Round "1"]
1.e4 e5
2.Ng1f3 Nb8c6
3.h3 Ng8f6
4.Bf1b5 g6
5.Bb5xc6 dxc6
6.Nf3g5 Bf8g7
7.d3 c5
8.O-O O-O
9.Nb1c3 a6
10.Qd1f3 b5
11.Bc1e3 b4
12.Nc3a4 a5
13.Na4xc5 b3
14.Nc5xb3 Bc8a6
15.Nb3c5 a4
16.Nc5xa4 Qd8b8
17.b3 Ba6b5
18.Na4c5 Qb8c8
19.c4 Bb5c6
20.a4  { time }
1-0

[Event "Match"]
[Site "www.echecsemail.com"]
[Date "2016.09.26"]
[Round "1"]
[White "Liencam2"]
[Black "Calmriver"]
[WhiteElo "2320"]
[BlackElo "1699"]
[Result "1-0"]
[Round "1"]
1.e4 e5
2.Ng1f3 Nb8c6
3.d4 exd4
4.c3 d3
5.Bf1xd3 d6
6.h3 Ng8f6
7.O-O h6
8.Bc1f4  { time }
1-0

[Event "Match"]
[Site "www.echecsemail.com"]
[Date "2016.09.26"]
[Round "1"]
[White "Olddog55"]
[Black "Manuelito"]
[WhiteElo "1720"]
[BlackElo "1599"]
[Result "1-0"]
[Round "1"]
1.d4 d5
2.Ng1f3 e6
3.e3 Ng8f6
4.Bf1d3 Bf8e7
5.Nf3e5 Nb8c6
6.f4 O-O
7.O-O Nf6e4
8.Rf1f3 f5
9.Rf3h3 Nc6xe5
10.dxe5 Rf8f7
11.Qd1h5 h6
12.Qh5g6 Be7f8
13.Rh3xh6 Bf8c5
14.Bd3e2 Kf8
15.Rh6h8 { resign }
1-0

[Event "Match"]
[Site "www.echecsemail.com"]
[Date "2016.09.26"]
[Round "1"]
[White "Babedad"]
[Black "Calmriver"]
[WhiteElo "2210"]
[BlackElo "1699"]
[Result "1-0"]
[Round "1"]
1.Ng1f3 f5
2.d3 Ng8f6
3.Nb1d2 d6
4.g3 e5
5.e4 Bf8e7
6.Bf1g2 O-O
7.O-O Nb8c6
8.c3  { time }
1-0

[Event "Match"]
[Site "www.echecsemail.com"]
[Date "2016.09.26"]
[Round "1"]
[White "Calmriver"]
[Black "Nulladies"]
[WhiteElo "1699"]
[BlackElo "1820"]
[Result "0-1"]
[Round "1"]
1.d4 Ng8f6
2.c4 e6
3.Nb1c3 Bf8b4
4.Qd1c2 c5
5.dxc5 Bb4xc5
6.e3 d5
7.cxd5 exd5
8.Bf1b5 Bc8d7
9.Nc3xd5 Nf6xd5
10.Bb5xd7 Nb8xd7
11.Qc2e4 Nd5e7
 { time }
0-1

[Event "Match"]
[Site "www.echecsemail.com"]
[Date "2016.09.26"]
[Round "1"]
[White "Paco"]
[Black "Karpov35"]
[WhiteElo "1920"]
[BlackElo "1809"]
[Result "0-1"]
[Round "1"]
1.e4 g6
2.Ng1f3 Bf8g7
3.d4 d6
4.Bf1c4 Ng8f6
5.Nf3g5 O-O
6.O-O c6
7.Nb1c3 b5
8.Bc4b3 h6
9.e5 hxg5
10.exf6 exf6
11.d5 Bc8b7
12.a4 b4
13.Nc3e4 c5
14.f4 Rf8e8
15.Rf1e1 Nb8a6
16.fxg5 fxg5
17.Bc1xg5 Qd8d7
18.Ra1b1 Qd7f5
19.Ne4xd6 Qf5xg5
20.Re1xe8 Ra8xe8
21.Nd6xe8 Qg5e3
22.Kh1 Qe3xe8
23.d6 Qe8c6
24.Qd1f1 Qc6d7
25.Rb1e1 Bb7xg2
26.Qf1xg2 Qd7xd6
27.Re1e8 Bg7f8
28.h4 Qd6d1
29.Kh2 Qd1d6
30.Kh1 Qd6d1
31.Kh2 Qd1d6
32.Qg2g3 Qd6d2
33.Qg3g2 Qd2d6
34.Kg1 Qd6d1
35.Kf2 Qd1d4
36.Re8e3 c4
37.c3 { time. }
0-1

[Event "Match"]
[Site "www.echecsemail.com"]
[Date "2016.09.26"]
[Round "1"]
[White "Iko"]
[Black "Raulazo"]
[WhiteElo "1620"]
[BlackElo "1910"]
[Result "0-1"]
[Round "1"]
1.e4 e5
2.Ng1f3 Nb8c6
3.b3 Ng8f6
4.Bf1b5 Nc6d4
5.Nf3xd4 exd4
6.a3 c6
7.Bb5c4 d5
8.exd5 cxd5
9.Bc4b5 Bc8d7
10.Qd1e2 Bf8e7
11.a4 O-O
12.O-O Bd7g4
13.Qe2e5 Qd8b6
14.Qe5xe7 a6
15.Bb5d3 Ra8e8
16.Qe7a3 g6
17.h3 Qb6e6
18.hxg4 Nf6xg4
19.f3 Ng4e5
20.Rf1e1 Ne5xf3
21.gxf3 Qe6xe1
22.Bd3f1 Qe1g3
23.Kh1 Qg3xf3
24.Bf1g2 Re8e1
25.Kh2 Re1e2
26.b4 Qf3xg2

0-1

[Event "Match"]
[Site "www.echecsemail.com"]
[Date "2016.09.26"]
[Round "1"]
[White "Billyg"]
[Black "Azorau"]
[WhiteElo "1640"]
[BlackElo "1980"]
[Result "0-1"]
[Round "1"]
1.e4 e5
2.d4 Bf8b4
3.c3 Bb4a5
4.dxe5 Nb8c6
5.Ng1f3 Ng8e7
6.b4 Ba5b6
7.b5 d6
8.bxc6 bxc6
9.Nb1a3 Bc8g4
10.h3 Bg4h5
11.g4 Bh5g6
12.Bf1d3 d5
13.exd5 Qd8xd5
14.O-O Bg6xd3
15.Rf1e1 O-O-O
16.Nf3d4 Bb6xd4
17.cxd4 Qd5xd4
18.Bc1e3 Qd4b4
19.Qd1b3 Qb4xb3
20.Be3c1 Qb3c3
21.Bc1g5 Qc3xa3
22.Re1e3 f6
23.exf6 Ne7d5
24.Re3e1 gxf6
25.Bg5h4 Bd3c4
26.Re1c1 Bc4b5
27.Kh2 Nd5f4
28.Bh4g3 Rd8d3
29.Rc1g1 Nf4e2
30.Rg1g2 Qa3b2
31.Ra1e1 Rh8e8
32.f3 Rd3xf3
33.Bg3f2 Qb2e5
34.Kh1 Rf3xh3
{ resign }
0-1

[Event "Fast Game"]
[Site "www.echecsemail.com"]
[Date "2016.09.26"]
[Round "1"]
[White "Libiesse"]
[Black "4m6az"]
[WhiteElo "1690"]
[BlackElo "1969"]
[Result "1-0"]
[Round "1"]
1.d4 e6
2.c4 Bf8b4
3.Bc1d2 Bb4xd2
4.Qd1xd2 b6
5.Nb1c3 Bc8b7
6.e4 Qd8h4
7.Ng1f3 Qh4d8
8.Bf1d3 d6
9.O-O Qd8f6
10.Qd2g5 Nb8d7
11.Qg5xf6 Ng8xf6
12.Rf1e1 O-O
13.Ra1c1 a6
14.Re1e2 e5
15.d5 Nd7c5
16.Bd3b1 c6
17.b4 Nc5d7
18.dxc6 Bb7xc6
19.Nc3d5 Nf6xd5
20.cxd5 Bc6b5
21.Re2c2 Nd7f6
22.Rc2c7 Ra8b8
23.Nf3e1 a5
24.f3 axb4
25.Bb1d3 Bb5a4
26.Rc7a7 Rb8a8
27.Rc1c7 Ra8xa7
28.Rc7xa7  { time }
1-0

[Event "Tourn. n8839"]
[Site "www.chess-mail.com"]
[Date "2016.09.27"]
[Round "1"]
[White "Azulmarino"]
[Black "Gatrooper"]
[WhiteElo "1570"]
[BlackElo "1610"]
[Result "0-1"]
[Round "1"]
1.e4 e5
2.Ng1f3 Nb8c6
3.d3 h6
4.a3 d6
5.Nb1c3 Ng8f6
6.Nc3d5 Nf6xd5
7.exd5 Nc6e7
8.c4 a6
9.Bc1e3 Bc8g4
10.Bf1e2 Bg4xf3
11.Be2xf3 Ne7f5
12.Bf3h5 g6
13.Bh5f3 Bf8g7
14.Bf3e4 Nf5e7
15.Qd1f3 f5
16.Be4xf5 Ne7xf5
17.O-O Nf5h4
18.Qf3g3 e4
19.dxe4 Bg7xb2
20.Ra1a2 Bb2e5
21.Qg3g4 Qd8f6
22.Rf1b1 h5
23.Qg4e2 Be5f4
24.Rb1xb7 Bf4xe3
25.Qe2xe3 Ra8c8
26.c5 dxc5
27.e5 Qf6f5
28.d6 cxd6
29.exd6 Kf8
30.d7 Rc8d8
31.Ra2d2 Kg7
32.Rb7c7 Qf5g4
33.Qe3e5 Kh6
34.f3 Qg4g5
35.Qe5xg5 Kxg5
36.Rc7xc5 Kh6
37.Kf2 Rh8f8
38.Rc5c7 Nh4f5
39.Rc7a7 Rf8f7
40.Rd2d5 Nf5e7
41.Rd5d6 Ne7f5
42.Rd6xa6 Rd8xd7
43.Ra7a8 Rd7d2
44.Ke1 Rd2xg2
45.Ra8h8 Rf7h7
46.Rh8g8 Rh7g7
47.Rg8f8 Rg7c7
48.Kd1 Nf5e3
49.Ke1 Rc7c1
{ resign }
0-1

[Event "Tourn. n8964"]
[Site "www.chess-mail.com"]
[Date "2016.09.27"]
[Round "1"]
[White "Sundar"]
[Black "Ison"]
[WhiteElo "2180"]
[BlackElo "2120"]
[Result "1-0"]
[Round "1"]
1.d4 Ng8f6
2.c4 e6
3.e3 Bf8b4
4.Bc1d2 Bb4xd2
5.Qd1xd2 O-O
6.Ng1f3 d5
7.Nb1c3 c5
8.Bf1d3  { time }
1-0

[Event "Tourn. n8858"]
[Site "www.chess-mail.com"]
[Date "2016.09.27"]
[Round "1"]
[White "Rons"]
[Black "Kampungboy"]
[WhiteElo "2560"]
[BlackElo "2200"]
[Result "0-1"]
[Round "1"]
1.e4 c5
2.Ng1f3 e6
3.d4 cxd4
4.Nf3xd4 Ng8f6
5.Nb1c3 Qd8b6
6.Nd4b3 Bf8b4
7.Bf1d3 Bb4xc3
8.bxc3 d6
9.O-O e5
10.Qd1f3 O-O
11.Bc1g5 Bc8g4
12.Qf3g3 Nb8d7
13.h3 Bg4h5
14.c4 Bh5g6
15.Qg3h4 h6
16.Bg5e3 Qb6c6
17.f3 Qc6a4
18.Rf1d1 Rf8e8
19.Qh4e1 b6
20.Bd3f1 Re8e6
21.a3 a5
22.Qe1d2 Qa4c6
23.a4 Nd7c5
24.Nb3xc5 dxc5
25.g3 Ra8e8
26.h4 Re8e7
27.Qd2d8 Re7e8
28.Qd8d3 Re8e7
29.Qd3b3 Re7d7
30.Rd1xd7 Nf6xd7
31.Ra1d1 Nd7f8
32.Bf1h3 Re6d6
33.Rd1xd6 Qc6xd6
34.Kf2 f6
35.Bh3c8 Qd6c6
36.Bc8f5 Bg6f7
37.Qb3b5 Qc6d6
38.Qb5b3 Qd6d1
39.g4 Qd1d6
40.h5 Nf8e6
41.Bf5xe6 Qd6xe6
42.Kg3 Kf8
43.Qb3b5 Bf7e8
44.Qb5b3 Ke7
45.Be3d2 Be8d7
46.c3 Kd8
47.Qb3d1 Qe6xc4
48.Bd2xh6 gxh6
49.Qd1d6 Qc4xc3
50.Qd6xf6 Kc7
51.Qf6xh6 c4
52.Qh6g5 Qc3d4
53.h6 c3
54.h7 c2
55.Qg5c1 Qd4d1
56.Qc1xc2 Qd1xc2
57.h8Q Qc2c5
58.Qh8g7 b5
59.axb5 a4
60.Kh3 Qc5xb5
61.Qg7e7 Qb5f1
62.Kh4 Qf1e1
63.Kg5 Qe1c3
{ resign }
0-1

[Event "Match"]
[Site "www.echecsemail.com"]
[Date "2016.09.27"]
[Round "1"]
[White "Leochessnut"]
[Black "Ketchuplover"]
[WhiteElo "1499"]
[BlackElo "1750"]
[Result "1-0"]
[Round "1"]
1.e4 c5
2.c3 e5
3.Ng1f3 d6
4.d4 cxd4
5.cxd4 exd4
6.Nf3xd4 a6
7.Bf1c4 b5
8.Bc4b3 Bc8b7
9.Nb1c3 Ng8f6
10.O-O Bf8e7
11.Nd4f5 O-O
12.Bc1f4 Bb7xe4
13.Nf5xe7 Qd8xe7
14.Bf4xd6 Qe7d7
15.Bd6xf8 Kxf8
16.Nc3xe4 Nf6xe4
17.Qd1f3 Qd7b7
18.Rf1d1 Ra8a7
19.Rd1d8 Ke7
20.Rd8xb8 { resign }
1-0

[Event "Match"]
[Site "www.echecsemail.com"]
[Date "2016.09.27"]
[Round "1"]
[White "Silent1"]
[Black "Azorau"]
[WhiteElo "1870"]
[BlackElo "2020"]
[Result "1/2-1/2"]
[Round "1"]
1.d4 Ng8f6
2.c4 d5
3.Nb1c3 g6
4.e3 Bf8g7
5.Ng1f3 Bc8g4
6.Bf1d3 c6
7.O-O O-O
8.h3 Bg4xf3
9.Qd1xf3 Nb8a6
10.a3 Na6c7
11.cxd5 cxd5
12.Nc3b5 a6
13.Nb5xc7 Qd8xc7
14.Bc1d2 Qc7b6
15.Bd2c3 Ra8c8
16.Rf1c1 Qb6e6
17.Bc3b4 Rc8a8
18.Rc1c7 a5
19.Bb4xe7 Rf8e8
20.Be7xf6 Bg7xf6
21.Rc7xb7 Ra8b8
22.Rb7xb8 Re8xb8
23.Ra1b1 Rb8b3
24.Qf3e2 h5
25.Qe2c2 Qe6b6
26.a4 Bf6h4
27.Bd3b5 Rb3b4
28.b3 Bh4d8
29.Qc2c6 Qb6b8
30.Qc6e8 Kg7
31.Qe8c6 Bd8c7
32.Qc6xd5 Bc7h2
33.Kf1 Qb8c7
34.Qd5c6 Qc7xc6
35.Bb5xc6 Rb4b6
36.Bc6d5 Bh2d6
37.Ke2 f5
38.Rb1c1 Bd6a3
39.Rc1b1 Kf6
40.Bd5c4 Ba3d6
41.Kd3 Kg5
42.g3 Bd6b4
43.f4 Kf6
44.g4 fxg4
45.hxg4 hxg4
46.Rb1g1 Kf5
47.Bc4b5 Bb4e7
48.Bb5d7 Kf6
49.Bd7xg4 Rb6xb3
50.Ke4 Rb3a3
51.Bg4d7 Be7b4
52.Rg1g2 Bb4d6
53.Bd7b5 Kf7
54.Rg2c2 Kf6
55.Rc2c6 Ke7
56.Rc6c2 Kf6
{ draw }
1/2-1/2

[Event "Match"]
[Site "www.echecsemail.com"]
[Date "2016.09.27"]
[Round "1"]
[White "Osvalazo"]
[Black "Libiesse"]
[WhiteElo "1690"]
[BlackElo "1970"]
[Result "1-0"]
[Round "1"]
1.Ng1f3 d5
2.d4 e6
3.Nf3e5 Ng8f6
4.Bc1g5 Bf8e7
5.e3 O-O
6.Bg5xf6 Be7xf6
7.g3 Qd8d6
8.Ne5g4 Bf6e7
9.Bf1g2 Nb8d7
10.Nb1c3 c5
11.Nc3b5 Qd6b6
12.Qd1e2 cxd4
13.b3 dxe3
14.Ng4xe3 a6
15.Nb5c3 Be7f6
16.O-O Bf6xc3
17.Ra1d1 Bc3f6
18.c4 Rf8e8
19.Ne3xd5 { resign }
1-0

[Event "Match"]
[Site "www.echecsemail.com"]
[Date "2016.09.27"]
[Round "1"]
[White "Guidom"]
[Black "Manuelito"]
[WhiteElo "2090"]
[BlackElo "1599"]
[Result "1-0"]
[Round "1"]
1.e4 e5
2.Ng1f3 Nb8c6
3.Bf1b5 a6
4.Bb5xc6 bxc6
5.Nf3xe5 Qd8e7
6.d4 d6
7.Ne5xc6 Qe7xe4
8.Qd1e2 Qe4xe2
9.Kxe2 Bc8b7
10.d5 Kd7
11.Nb1c3 Bb7xc6
12.dxc6 Kxc6
13.Bc1e3 Ng8f6
14.Rh1e1 Ra8d8
15.Kf1 d5
16.Be3d4 Bf8d6
17.Ra1d1 Rh8e8
18.Bd4xf6 gxf6
19.Nc3xd5 Re8xe1
20.Kxe1 Bd6e5
21.Nd5e7 Kb6
22.Rd1xd8 Be5xb2
23.Rd8b8 { resign }
1-0

[Event "Match"]
[Site "www.echecsemail.com"]
[Date "2016.09.27"]
[Round "1"]
[White "Coraza"]
[Black "Pariolinius"]
[WhiteElo "1790"]
[BlackElo "1800"]
[Result "0-1"]
[Round "1"]
1.Nb1c3 e5
2.e4 Nb8c6
3.Bf1c4 Ng8f6
4.Ng1f3 d6
5.Nf3g5 d5
6.exd5 Nc6d4
7.d6 Nd4e6
8.Bc4xe6 fxe6
9.O-O Bf8xd6
10.Rf1e1 O-O
11.d4 Bc8d7
12.d5 exd5
13.Nc3xd5 Bd7c6
14.Nd5c3 Qd8d7
15.f3 Ra8d8
16.Bc1e3 Nf6d5
17.Qd1d3 Nd5f6
18.Ra1d1 Qd7e7
19.Qd3c4 Kh8
20.f4 a6
21.Ng5e6 b5
22.Qc4xc6 Qe7xe6
23.Qc6xa6 Rd8b8
24.Nc3xb5 Rf8d8
25.Be3a7 Rb8a8
26.Nb5d4 Qe6g4
27.Nd4c6 Rd8e8
28.fxe5 Bd6c5
29.Kh1 Nf6e4
30.h3 Ne4f2
31.Kh2 Qg4f4
32.g3 Qf4h6
33.h4 Nf2g4
34.Kg2 Ng4e3
35.Kh1 Ne3xd1
36.Re1xd1 Qh6e3
37.Rd1f1 Qe3xg3
38.b4 Qg3h3
{ resign }
0-1

[Event "Match"]
[Site "www.echecsemail.com"]
[Date "2016.09.27"]
[Round "1"]
[White "Robroy"]
[Black "Manuelito"]
[WhiteElo "1399"]
[BlackElo "1599"]
[Result "0-1"]
[Round "1"]
1.e4 e5
2.Ng1f3 Nb8c6
3.Bf1c4 d6
4.d4 exd4
5.c3 Ng8f6
6.Nf3xd4 Nc6xd4
7.Qd1xd4 Bc8e6
8.Nb1d2 Bf8e7
9.O-O Be6xc4
10.Nd2xc4 c5
11.Qd4e3 Qd8c7
12.Rf1e1 O-O-O
13.Qe3d3 h5
14.b4 b6
15.Bc1g5 Rh8e8
16.h3 Nf6xe4
17.Bg5xe7 Qc7xe7
18.Re1e2 Qe7h4
19.Ra1e1 d5
20.g3 dxc4
21.Qd3xc4 Qh4xh3
22.Qc4a6 Kc7
23.Qa6xa7 Kc6
24.Re2xe4 Re8xe4
25.Re1xe4 Rd8d1
{ resign }
0-1

[Event "Match"]
[Site "www.echecsemail.com"]
[Date "2016.09.27"]
[Round "1"]
[White "Calmriver"]
[Black "Ditto"]
[WhiteElo "1699"]
[BlackElo "1850"]
[Result "0-1"]
[Round "1"]
1.d4 d5
2.Ng1f3 Bc8f5
3.e3 Nb8c6
4.a3 e6
5.Bf1b5 Bf8d6
6.c4 a6
7.Bb5xc6 bxc6
 { time }
0-1

[Event "Match"]
[Site "www.echecsemail.com"]
[Date "2016.09.27"]
[Round "1"]
[White "Calmriver"]
[Black "Libiesse"]
[WhiteElo "1699"]
[BlackElo "1930"]
[Result "0-1"]
[Round "1"]
1.d4 d5
2.c4 e6
3.Nb1c3 Ng8f6
4.Bc1g5 Bf8e7
5.Ng1f3 O-O
6.e3 Nb8d7
7.Bf1d3 c5
8.O-O dxc4
9.Bd3xc4 cxd4
10.exd4 Nd7b6
11.Bc4b3 Nf6d5
 { time }
0-1

[Event "Match"]
[Site "www.echecsemail.com"]
[Date "2016.09.27"]
[Round "1"]
[White "Pinehill"]
[Black "Chapi"]
[WhiteElo "2060"]
[BlackElo "2090"]
[Result "0-1"]
[Round "1"]
1.e4 c5
2.Ng1f3 Nb8c6
3.d4 cxd4
4.Nf3xd4 g6
5.Nb1c3 Bf8g7
6.Bc1e3 d6
7.Bf1b5 Bc8d7
8.Qd1d2 Ng8f6
9.f3 O-O
10.O-O-O a6
11.Nd4xc6 bxc6
12.Bb5a4 c5
13.Ba4xd7 Qd8xd7
14.Kb1 Qd7b7
15.Nc3a4 Nf6d7
16.b3 Nd7b6
17.Na4xb6 Qb7xb6
18.Qd2d5 Qb6b4
19.Be3d2 Qb4a3
20.Bd2c1 Qa3b4
21.Bc1b2 Bg7xb2
22.Kxb2 a5
23.a4 Rf8c8
24.c3 Qb4b6
25.h4 c4
26.Qd5b5 Qb6f2
27.Ka3 Ra8b8
{ resign }
0-1

[Event "Tourn. n8878"]
[Site "www.chess-mail.com"]
[Date "2016.09.28"]
[Round "1"]
[White "Glenno"]
[Black "Frisker"]
[WhiteElo "2420"]
[BlackElo "2240"]
[Result "0-1"]
[Round "1"]
1.e4 e6
2.d4 d5
3.Nb1c3 Ng8f6
4.Bc1g5 Bf8b4
5.e5 h6
6.Bg5d2 Bb4xc3
7.bxc3 Nf6e4
8.Qd1g4 Kf8
9.Bf1d3 Ne4xd2
10.Kxd2 c5
11.Ng1f3 c4
12.Bd3e2 b5
13.a4 Bc8d7
14.axb5 Bd7xb5
15.Rh1b1 Qd8b6
16.Qg4h4 Nb8c6
17.Ra1a2 Ra8b8
18.Ra2b2 a6
19.Qh4f4 Qb6c7
20.Nf3h4 Ke8
21.Be2h5 Qc7e7
22.Nh4f3 Rh8f8
23.Qf4g3 Rf8g8
24.Kc1 Kd7
25.Qg3f4 g6
26.Bh5g4 h5
27.Bg4xe6 fxe6
28.Nf3g5 Rb8f8
29.Qf4h4 Nc6d8
30.Qh4g3 Rf8f5
31.Ng5f3 g5
32.Rb2a2 Kc6
33.h3 Qe7f8
34.Kb2 g4
35.hxg4 hxg4
36.Nf3h2 Rf5xf2
37.Rb1a1 Kb6
38.Nh2f3 Rf2e2
39.Nf3h4 Qf8f2
40.Qg3xf2 Re2xf2
41.Ra1e1 Nd8f7
42.Ra2a1 Nf7g5
43.Re1e3 Ng5e4
44.Re3e1 Bb5e8
45.Re1b1 Ne4d2
46.Rb1d1 Nd2b3
47.Ra1a2 Rg8f8
48.Ka3 Nb3d2
49.Kb4 Rf2e2
50.Rd1a1 Be8b5
51.Ra1c1 Nd2b3
52.Rc1b1 Rf8f2
53.Ka3 Re2xc2
54.Ra2xc2 Rf2xc2
55.Nh4g6 Rc2xc3
56.Kb2 Rc3d3
57.Ng6f4 Rd3xd4
58.Nf4xe6 Rd4e4
59.Rb1h1 Re4xe5
60.Ne6f4 Kc5
61.Rh1h4 g3
62.Rh4h7 Kb4
63.Rh7h1 Re5f5
64.Rh1h4 d4
65.Kc2 Bb5c6
66.Kd1 Bc6xg2
67.Nf4xg2 Rf5f1
{ resign }
0-1

[Event "Tourn. n8961"]
[Site "www.chess-mail.com"]
[Date "2016.09.28"]
[Round "1"]
[White "Norlavuaram"]
[Black "Ison"]
[WhiteElo "2150"]
[BlackElo "2090"]
[Result "1-0"]
[Round "1"]
1.e4 e5
2.Ng1f3 Nb8c6
3.Bf1b5 a6
4.Bb5a4 Ng8f6
5.O-O b5
6.Ba4b3 Bf8e7
7.Rf1e1 d6
8.h3 Nc6a5
9.c3 Na5xb3
10.Qd1xb3  { time }
1-0

[Event "Tourn. n8961"]
[Site "www.chess-mail.com"]
[Date "2016.09.28"]
[Round "1"]
[White "Ison"]
[Black "Guidom"]
[WhiteElo "2090"]
[BlackElo "2010"]
[Result "0-1"]
[Round "1"]
1.e4 e5
2.Ng1f3 Nb8c6
3.Bf1b5 a6
4.Bb5a4 Ng8f6
5.Nb1c3 d6
6.h3 Bc8d7
7.d3 Bf8e7
8.O-O b5
9.Ba4b3 O-O
10.Nc3d5 Nc6d4
 { time }
0-1

[Event "Tourn. n8898"]
[Site "www.chess-mail.com"]
[Date "2016.09.28"]
[Round "1"]
[White "Redabond"]
[Black "Falcoale"]
[WhiteElo "1680"]
[BlackElo "1460"]
[Result "1-0"]
[Round "1"]
1.d4 Ng8f6
2.Bc1f4 e6
3.Nb1c3 Nb8c6
4.Nc3b5 d6
5.Ng1f3 a6
6.Nb5c3 Bf8e7
7.e3 O-O
8.Bf1c4 b5
9.Bc4d3 Rf8e8
10.O-O Nc6b4
11.a3 Nb4xd3
12.Qd1xd3 Bc8b7
13.e4 a5
14.Qd3xb5 c6
15.Qb5xb7 Ra8b8
16.Qb7xc6 Rb8xb2
17.Rf1c1 Rb2b6
18.Qc6c4 d5
19.exd5 exd5
20.Qc4c7 Rb6b8
21.Qc7xd8 Re8xd8
22.Bf4xb8 Rd8xb8
23.Rc1b1 Rb8c8
24.Rb1b3 Nf6e4
25.Nc3xd5 Be7f8
26.Ra1c1 a4
27.Rb3e3 Ne4d6
28.Nd5b6 Rc8d8
29.Nb6xa4 Nd6c4
30.Re3c3 Nc4xa3
31.Rc3xa3 Bf8xa3
32.Rc1b1 f6
33.h3 h6
34.Rb1b3 Ba3c1
35.c4 Rd8a8
36.Na4b2 Ra8a1
37.Rb3b8 Kh7
38.d5 Bc1xb2
39.Kh2 Bb2c3
40.d6 Ra1a7
41.Rb8d8 Bc3a5
42.Rd8c8 Ra7d7
43.c5 Ba5b4
44.c6 Rd7xd6
45.c7 Rd6c6
46.Nf3d4 Bb4d6
47.g3 Rc6xc7
48.Rc8xc7 Bd6xc7
49.f4 Bc7a5
50.g4 Kg6
51.f5 Kf7
52.Kg2 Ba5c3
53.Nd4b5 Bc3a1
54.Kf3 Ba1b2
55.Nb5d6 Ke7
56.Nd6c8 Kd7
57.Nc8b6 Kd6
58.Nb6c4 { resign }
1-0

[Event "Tourn. n8928"]
[Site "www.chess-mail.com"]
[Date "2016.09.28"]
[Round "1"]
[White "Llcervello"]
[Black "Neo"]
[WhiteElo "1670"]
[BlackElo "1670"]
[Result "1/2-1/2"]
[Round "1"]
1.e4 e6
2.d3 c6
3.Nb1c3 d5
4.f3 g6
5.Ng1e2 Bf8g7
6.d4 b6
7.Bc1f4 Nb8d7
8.e5 Ng8e7
9.Bf4g5 O-O
10.Bg5xe7 Qd8xe7
11.f4 c5
12.Nc3b5 Nd7b8
13.Nb5d6 c4
14.c3 a5
15.Nd6xc8 Rf8xc8
16.g3 b5
17.a4 b4
18.h4 b3
19.Qd1b1 Bg7f8
20.Bf1g2 Nb8d7
21.O-O Qe7e8
22.g4 { draw }
1/2-1/2

[Event "Tourn. n8897"]
[Site "www.chess-mail.com"]
[Date "2016.09.28"]
[Round "1"]
[White "Orhany24"]
[Black "Comrade"]
[WhiteElo "2180"]
[BlackElo "2180"]
[Result "0-1"]
[Round "1"]
1.e4 c5
2.f4 e6
3.Ng1f3 d5
4.exd5 exd5
5.Bf1b5 Bc8d7
6.Bb5xd7 Qd8xd7
7.O-O Bf8d6
8.d4 Ng8e7
9.Kh1 Nb8c6
10.c3 O-O
11.Bc1e3 Ne7f5
12.Qd1c1 Nf5xe3
13.Qc1xe3 Ra8e8
14.Qe3d2 Re8e4
15.g3 Rf8e8
16.Nf3e5 Qd7h3
17.Nb1a3 cxd4
18.Na3b5 Bd6xe5
19.fxe5 Qh3h5
20.Rf1f2 dxc3
21.Nb5xc3 Re4xe5
22.Ra1f1 d4
23.Nc3d1 Re5e2
24.Qd2f4 d3
25.Qf4xf7 Qh5xf7
26.Rf2xf7 Nc6e5
27.Rf7xb7 d2
28.Rb7xa7 Re2e1
29.Kg2 Ne5g4
30.Ra7f7 Re1xd1
31.Rf1xd1 Ng4e3
{ resign }
0-1

[Event "Tourn. n8962"]
[Site "www.chess-mail.com"]
[Date "2016.09.28"]
[Round "1"]
[White "Mao"]
[Black "Osmundw"]
[WhiteElo "1620"]
[BlackElo "1430"]
[Result "1-0"]
[Round "1"]
1.e4 e6
2.d4 d5
3.Nb1c3 g6
4.Ng1f3 Bf8g7
5.Bf1e2 Ng8e7
6.Bc1f4 Ne7c6
7.O-O Nc6xd4
8.Nf3xd4 Bg7xd4
9.Qd1xd4 Nb8c6
10.Qd4xh8 Ke7
11.Bf4g5 f6
12.Bg5xf6 Kd7
13.Bf6xd8 Nc6xd8
14.Qh8xh7 Kd6
15.Qh7xg6 b6
16.exd5 c6
17.dxc6 Kxc6
18.Be2f3 Kc7
19.Bf3xa8 Nd8b7
20.Ba8xb7 Kxb7
21.Ra1d1 a5
22.Qg6f7 { resign }
1-0

[Event "Tourn. n8985"]
[Site "www.chess-mail.com"]
[Date "2016.09.28"]
[Round "1"]
[White "Norlavuaram"]
[Black "Amaya"]
[WhiteElo "2150"]
[BlackElo "2090"]
[Result "1-0"]
[Round "1"]
1.e4 e6
2.d4 d5
3.Nb1d2 Ng8e7
4.c3 c5
5.Bf1d3 Nb8c6
6.exd5 Ne7xd5
7.dxc5 Bf8xc5
8.Nd2e4 Bc5b6
9.Ng1f3 Qd8c7
10.O-O Nc6e5
11.Nf3xe5 Qc7xe5
12.Bd3b5 Kf8
13.Rf1e1 Qe5f5
14.c4 Bb6xf2
15.Ne4xf2 a6
16.Bb5a4 b5
17.Ba4c2 Qf5f6
18.cxd5 Bc8b7
19.dxe6 fxe6
20.Qd1d6 Kf7
21.Nf2g4 Rh8d8
22.Qd6c7 Qf6e7
23.Qc7xe7 Kxe7
24.Bc1g5 { resign }
1-0